| 000 | 00954nam a2200229Ia 4500 | ||
|---|---|---|---|
| 999 |
_c39924 _d39924 |
||
| 001 | 6529 | ||
| 003 | GE_BSU | ||
| 005 | 20191021113420.0 | ||
| 008 | 181216s1982||||ge |||||||||||||| ||geo|| | ||
| 040 | _cGE_BSU | ||
| 041 | _ageo | ||
| 080 | _a821.353.1-32 ბ-87 | ||
| 100 |
_aბოსტოღანაშვილი, გივი _94873 |
||
| 245 |
_aმსაჯული : _bმოთხრობები / _cგივი ბოსტოღანაშვილი ; რედ. ნანა გოგუაძე ; მხატვ. ე. ქიშმარია. |
||
| 264 |
_aთბილისი : _bნაკადული ; _c1982. |
||
| 300 |
_a103 გვ. ; _c20 სმ. |
||
| 653 | _aმსაჯული | ||
| 653 | _aმოთხრობები | ||
| 700 |
_aგოგუაძე, ნანა _eრედაქტორი _94874 |
||
| 700 |
_aქიშმარია, ე. _eმხატვარი _94875 |
||
| 942 |
_cBK _2udc |
||